000 01538nam a2200325 a 4500
001 000013732
003 DO-SdBNP
005 20260212122153.0
007 ta
008 090630s2002 dr 000 0 spa d
040 _aDO-SdBNP
_bspa
_cBNPHU
_erda
082 _a346.015
_bE91d
_222
100 1 _aEusebio Gautreau, Dora Evangelina
_96436
245 1 0 _aDerechos de familia y de la personalidad /
_cDora Evangelina Eusebio Gautreau.
264 1 _aSanto Domingo :
_bCentenario,
_c2002.
300 _a307 páginas
_c21 cm.
336 _2rdacontent
_atexto
_btxt
337 _2rdamedia
_asin mediación
_bn
338 _2rdacarrier
_avolumen
_bnc
500 _aIncluye referencias bibliográficas y notas al pie de las páginas
504 _aBibliografía: p. 303-307.
505 0 _tLa familia y el derecho de familia --
_tConceptualización e importancia de la familia --
_tLos sujetos del derecho. Las personas --
_tLos derechos de la personalidad --
_tAtentados contra la personalidad y la dignidad de las personas --
_tEl estado civil de las personas --
_tLas actas del estado civil --
_tLas relaciones de pareja. El matrimonio --
_tLa unión consensuales --
_tEl divorcio --
_tBibliografía.
590 _aInventariado,2018/DG
650 4 _aDerecho de familia
_zRepública Dominicana
_96437
650 4 _aPersonalidad (derecho)
_zRepública Dominicana
_96438
650 4 _aFamilia
_xAspectos sociales
_zRepública Dominicana
_96439
650 0 _aRelaciones familiares
_9801
910 _aValidado. Control de calidad MFF
942 _2ddc
_cLBS1
999 _c13345
_d13345